000
00201 a2200097 4500
001
4475
100
_a
Hall,D.J
245
_a
Radar aid to navigation
260
_a
_b
Mcgrawhill
_c
090
_c
3673
_d
3673
942
_a
NUST-CAE
_c
M
_c
29702
999
_c
239548
_d
239548